000 00529nam a2200193Ia 4500
008 151119s9999||||xx |||||||||||||| ||und||
082 _a891.463
082 _bGKKV9996
100 _aदेशपांडे कृ प
245 _aअग्निशिखा
260 _a--
260 _b--
260 _c1994
600 _aदेशपांडे कृ प
630 _aअग्निशिखा
700 _aदेशपांडे कृ प
730 _aअग्निशिखा
942 _cBOOK
999 _c1064192
_d1064189